000 00563nam a22002057a 4500
003 OSt
005 20210423063235.0
008 210218s1965 ||||| |||| 00| 0 eng d
040 _aeng
_beng
_cDLC
041 _aeng
080 _a821.111
_bF-24
100 _9963
_aFarago, Ladislas
245 _aPatton: Ordeal and Triumph
_c/ by: A Dell Book
260 _aNew York
_b A Dell Book
_c1965
300 _a829 p.
365 _b0.95 usd
650 0 _9254
_aEnglish literature
653 _aინგლისური ლიტერატურა
942 _2udc
_cBK
999 _c1537
_d1537